Gaming Quiz

Random Gaming or Board Games Quiz

Name the Game Quiz Stats

 Plays Quiz Updated Jan 27, 2015

Also try: The Dead Game
Challenge
Share
Tweet
Embed
Score 0/20 Timer 06:00
13 Plays Today
Hint Game % Correct
Luxury Tax, Chance, JailMonopoly
98.4%
Rook, Pawn, KingChess
96.3%
Red Discs, Black Discs, King Me!Checkers
92.5%
Hall, Mrs. White, RopeCluedo
91.1%
Aircraft Carrier, Destroyer, SubmarineBattleship
90.2%
Triple Letter Score, Blank Tiles, Double Word ScoreScrabble
87.2%
Water on the Knee, Spare Ribs, Broken HeartOperation
80%
Millionaire Estates, Pay DayLife
79.3%
Gramma Nut, Jolly, Gumdrop ForestCandyland
77.2%
Mongolia, Irkutsk, Northern EuropeRisk
75.9%
Hint Game % Correct
Wooden Blocks, Tower Formation, One HandJenga
73.6%
Cheese, Marble, BathtubMouse Trap
72.8%
Six-Pointed Star, Colored Marbles, 121 IndentationsChinese Checkers
68.3%
Wedges, Cards, Sports & LeisureTrivial Pursuit
56.9%
Pop-o-matic, Die, Colored PiecesTrouble
51.7%
Red Dots, Limbs, SpinnerTwister
50.6%
Ones, Small Straight, Full HouseYahtzee
49.7%
Flag, Marshall, ScoutsStratego
35.6%
Cloodle, Selectaquest, LexiconCranium
27.3%
Decoding board, Code Pegs, Key PegsMastermind
23.1%

You're not logged in!

Compare scores with friends on all Sporcle quizzes.
OR
Log In

You Might Also Like...

Show Comments

Extras

Top Quizzes Today


Score Distribution

Your Account Isn't Verified!

In order to create a playlist on Sporcle, you need to verify the email address you used during registration. Go to your Sporcle Settings to finish the process.

Report this User

Report this user for behavior that violates our Community Guidelines.

Details: